000 00654nam a22001817a 4500
003 OSt
005 20110516105744.0
008 110514t xxu||||| |||| 00| 0 eng d
020 _a0406000042
040 _aLDC
082 _a031 ENC
245 _aThe Encyclopaedia of forms and precedents : Food; Restaurant Leasing and Franchising; Food Safety, Gifts; Guarantees and Indemnities, Health and Safety at Work Vol.17 (2) /
250 _a5th ed. _
260 _aLondon :
_bButterworths,
_c1995-
300 _av;
942 _2ddc
_cREF
999 _c2018
_d2018